[Event "11th Asrian Memorial 2018"]
[Site "Jermuk"]
[Date "2018.06.24"]
[Round "4"]
[White "Stupak, Kirill"]
[Black "Davtyan, Artur"]
[Result "1-0"]
[WhiteElo "2564"]
[BlackElo "2349"]
[Annotator "TA"]
[PlyCount "65"]
[EventDate "2018.06.21"]
[EventCountry "ARM"]
[SourceTitle "playchess.com"]
[Source "ChessBase"]
[SourceQuality "1"]

{[%evp 15,65,14,53,2,28,28,56,59,66,41,44,26,10,25,12,8,10,19,22,29,28,29,169,161,156,157,159,153,135,142,209,195,209,199,179,174,283,266,236,183,512,495,677,652,1014,931,5219,3540,29990,29991,29992,29993]} 1. d4 d5 2. Nf3 Nf6 3. g3 e6 4. Bg2 b5 5. O-O Be7 6. b3 {A46: 1 d4 Nf6 2 Nf3 e6: Torre, London and Colle Systems} (6. Qd3 O-O 7. Bg5 c6 8. Nbd2 a5 9. e4 Ba6 10. Rfe1 h6 11. Bxf6 Bxf6 12. c3 b4 13. c4 dxc4 14. Nxc4 {½-½ (52) Vachier Lagrave,M (2789)-Meier,G (2648) Karlsruhe/Baden-Baden 2018}) 6... O-O 7. c4 bxc4 8. bxc4 c6 {LiveBook: 4 Games} 9. Nc3 (9. c5 $14) 9... Ba6 $146 ({Predecessor:} 9... a5 10. Ne5 Nfd7 11. Nxd7 Nxd7 12. cxd5 cxd5 {0-1 (44) Terbe,J (2292)-Guerra,V (2113) Lisbon 2018}) 10. c5 Nbd7 11. Qc2 Nh5 12. g4 Nhf6 13. h3 Qc7 14. Qa4 Bc4 15. g5 Nh5 16. Nd2 $36 {[%mdl 2048] White is more active.} e5 17. Nxc4 {[#] Hoping for Na5.} exd4 18. Bxd5 Ne5 (18... cxd5 $11 19. Nxd5 Qd8) 19. Nxe5 $18 cxd5 20. Nxd5 Qxe5 21. Nxe7+ Qxe7 22. Qxd4 Qxe2 (22... Rfe8 $16 23. Be3 Ng3 24. fxg3 Rad8) 23. Qg4 Qe5 24. Be3 g6 25. Rac1 Rad8 (25... Ng7 $142 26. Bd4 Qc7) 26. c6 Qc7 27. Qa4 Rd5 $2 (27... Rfe8 {is a better chance.}) 28. Rfd1 Rxd1+ 29. Rxd1 Rc8 30. Rd7 Qb8 31. Qd1 {White wants to mate with c7.} Nf4 {[#]} 32. c7 $1 {[%mdl 512]} Nxh3+ (32... Rxc7 33. Rd8+) 33. Kh2 {Precision: White = 71%, Black = 22%.} 1-0

[Event "11th Asrian Memorial 2018"]
[Site "Jermuk"]
[Date "2018.06.24"]
[Round "4"]
[White "Petrosyan, Manuel"]
[Black "Danielyan, Vahe"]
[Result "1-0"]
[WhiteElo "2551"]
[BlackElo "2387"]
[Annotator "TA"]
[PlyCount "61"]
[EventDate "2018.06.21"]
[EventCountry "ARM"]
[SourceTitle "playchess.com"]
[Source "ChessBase"]
[SourceQuality "1"]

{[%evp 17,61,26,37,-5,36,-7,36,9,35,10,58,70,80,71,80,21,87,75,75,73,89,66,71,62,66,12,202,195,311,302,334,234,235,222,586,545,800,800,901,900,852,840,1813,1827,1559,955]} 1. d4 Nf6 2. Nf3 g6 3. c4 Bg7 4. Nc3 d5 5. cxd5 Nxd5 6. e4 Nxc3 7. bxc3 c5 8. Be3 O-O 9. Qd2 Nd7 {LiveBook: 18 Games. D85: Exchange Grünfeld: Unusual White 7th moves and lines with 7 Nf3} (9... Qa5 10. Rc1 Nd7 11. d5 Nf6 12. c4 Qxd2+ 13. Nxd2 b6 14. h3 e6 15. Bd3 Re8 16. O-O Ba6 17. Bc2 exd5 18. exd5 b5 {0-1 (78) Akobian,V (2647)-Nepomniachtchi,I (2729) Riadh 2017}) 10. Rd1 Nf6 11. Bd3 $146 ({Predecessor:} 11. e5 Nd5 12. dxc5 Be6 13. Bd4 Qa5 14. Bd3 Nc7 15. O-O Bd5 16. Qe3 Ne6 17. Rb1 {½-½ (29) Melkumyan,H (2528)-Safarli,E (2599) Dubai 2009}) 11... c4 {The position is equal.} 12. Bc2 b5 13. O-O Bb7 14. d5 $1 e6 {[#]} 15. dxe6 $1 fxe6 16. Qe2 (16. Bd4 $16) 16... Qa5 (16... Qc7 $11) 17. Bc5 $36 {[%mdl 2048] White is in control.} Rfe8 18. Bb4 Qc7 ({Wrong is} 18... Qxa2 $2 19. Ra1 $18) 19. a4 bxa4 20. Nd4 {[%cal Bf3d4,Bd4c6,Bc6a5][%mdl 32]} a6 21. Bxa4 (21. Rfe1 $14) 21... e5 $2 {[#]} (21... Bxe4 $11 {and Black has nothing to worry.} 22. Bxe8 Rxe8) 22. Nc6 $1 $18 {[%mdl 512]} Qf7 (22... a5 {keeps fighting.} 23. Bd6 (23. Qxc4+ Kh8 $18) 23... Qf7) (22... Bxc6 23. Qxc4+) 23. Na5 Rec8 24. f3 {[%cal Bf2f3,Bf3f4,Bf4e5][%mdl 32]} Bf8 25. Bxf8 Kxf8 $2 (25... Rxf8 {is more resistant.} 26. Qxc4 (26. Nxc4 Qe7 $18) 26... Qxc4 27. Nxc4 Rac8 28. Nxe5 Rxc3) 26. f4 {White is clearly winning.} Bxe4 27. fxe5 Bd3 28. Rxd3 cxd3 29. Qxd3 Qc7 30. Nc6 Qb6+ 31. Qd4 {Precision: White = 58%, Black = 25%.} 1-0

[Event "11th Asrian Memorial 2018"]
[Site "Jermuk"]
[Date "2018.06.24"]
[Round "4"]
[White "Hakobyan, Aram"]
[Black "Sethuraman, SP."]
[Result "0-1"]
[WhiteElo "2542"]
[BlackElo "2657"]
[Annotator "TA"]
[PlyCount "74"]
[EventDate "2018.06.21"]
[EventCountry "ARM"]
[SourceTitle "playchess.com"]
[Source "ChessBase"]
[SourceQuality "1"]

{[%evp 27,74,0,0,-51,-40,-30,-41,-50,-17,-32,-27,-25,-46,-34,-24,-94,-90,-97,-97,-97,-92,-97,-97,-173,-164,-234,-197,-269,-275,-341,-117,-339,-339,-452,-452,-442,-438,-429,-366,-553,-526,-530,-537,-522,-529,-515,-515,-503,-496]} 1. e4 e5 2. Nf3 Nc6 3. Bb5 {[%cal Bf1b5,Bb5a4,Ba4b3][%mdl 32]} a6 4. Ba4 Nf6 5. O-O b5 6. Bb3 Bb7 7. Re1 Bc5 8. c3 d6 9. d4 Bb6 10. a4 h6 11. axb5 axb5 12. Rxa8 Qxa8 13. Na3 O-O 14. Nxb5 {C78: Ruy Lopez: Archangelsk and Möller Defences} exd4 {LiveBook: 6 Games} 15. Nbxd4 ({White should try} 15. cxd4 $11 Na5 16. Bc2) 15... Nxd4 $15 16. Nxd4 {Black is slightly better.} Bxe4 17. f3 Bg6 {Hoping for ...c5.} 18. Be3 Re8 {[#] aiming for ...c5.} 19. Bf2 $146 ({Predecessor:} 19. Ba4 Re5 20. Bf2 Rxe1+ 21. Bxe1 Nd5 {½-½ (40) Howell,J (2525)-Malaniuk,V (2580) Amantea 1995}) 19... Rxe1+ 20. Qxe1 Nd7 21. Bc2 (21. Bc4 $11 {keeps the balance.}) 21... Bxd4 $1 $17 22. Bxg6 Bxf2+ 23. Kxf2 {[#]} Qa2 $1 24. Bf5 Qxb2+ 25. Kg3 {[#]} (25. Qe2 $17 {was worth a try.} Qxe2+ 26. Kxe2) 25... Nf6 $1 $19 26. Kh3 (26. h3 {might work better.}) 26... Kf8 27. Qe3 (27. c4 {was called for.}) 27... Qb5 28. Bd3 Qh5+ 29. Kg3 Nd5 30. Qd4 Qg5+ 31. Kf2 c5 32. Qe4 Qd2+ 33. Kg3 (33. Qe2 $142 Qxc3 34. Qe4 Qd2+ 35. Qe2) 33... Nxc3 {Black is clearly winning.} 34. Qa8+ Ke7 35. Qb7+ Kf6 36. Qa6 Qe1+ 37. Kh3 Qe6+ {Precision: White = 45%, Black = 86%.} 0-1

[Event "11th Asrian Memorial 2018"]
[Site "Jermuk"]
[Date "2018.06.24"]
[Round "4"]
[White "Gabuzyan, Hovhannes"]
[Black "Andriasian, Zaven"]
[Result "0-1"]
[WhiteElo "2539"]
[BlackElo "2586"]
[Annotator "TA"]
[PlyCount "86"]
[EventDate "2018.06.21"]
[EventCountry "ARM"]
[SourceTitle "playchess.com"]
[Source "ChessBase"]
[SourceQuality "1"]

{[%evp 22,86,14,15,12,-101,-104,-110,-106,-129,-115,-119,-107,-136,-143,-142,-126,-155,-138,-151,-155,-166,-144,-160,-106,-127,-127,-125,-126,-136,-124,-182,-102,-123,-116,-186,-183,-277,-202,-185,-172,-247,-251,-242,-250,-242,-245,-234,-236,-245,-254,-256,-254,-328,-302,-551,-551,-750,-750,-720,-722,-709,-692,-12833,-12833,-29996,-29997]} 1. Nf3 {Marin,M} d5 2. g3 Bg4 3. Bg2 Nd7 4. c4 e6 5. cxd5 exd5 6. Nc3 Ngf6 7. O-O c6 8. d3 Bd6 9. h3 {A11: English Opening: 1...c6} Bxf3 10. Bxf3 d4 11. Ne4 Nxe4 12. dxe4 {LiveBook: 4 Games} Qb6 $146 ({Predecessor:} 12... Bc5 13. b4 Bb6 14. Bb2 Ne5 15. Bg2 Nc4 16. Bc1 Qe7 {½-½ (37) Wang,H (2747)-Nakamura,H (2772) Elancourt 2013 CBM 157 [Marin,M]}) 13. Qc2 {[#]} (13. b3 $11) 13... Bxg3 $1 $17 {[%mdl 512]} 14. e3 (14. fxg3 d3+) 14... Be5 15. Be2 dxe3 16. Bxe3 Bd4 (16... Qxb2 17. Qxb2 Bxb2 18. Rab1 $14) 17. Bf4 O-O (17... Qxb2 $6 18. Qxb2 Bxb2 19. Rab1 $11) 18. Rad1 Rad8 19. Bc4 Ne5 (19... Qxb2 20. Qxb2 Bxb2 21. Bc7 $14) 20. Bb3 c5 {...c4! is the strong threat.} 21. Qe2 Qf6 22. Bg3 g5 ({Black should play} 22... Ng6 23. Rd2 {[#]} b5 $1 {[%mdl 512]}) 23. Kg2 Ng6 24. Bd5 b6 (24... Bxb2 25. Rb1 $15) 25. Qg4 Be5 (25... Bxb2 26. f4 $15) 26. h4 (26. b3 $17 {keeps fighting.}) 26... h6 (26... Bxb2 27. hxg5 Qg7 28. Bc7 $14) (26... gxh4 $19 27. Bxe5 Qxe5) 27. hxg5 hxg5 (27... Qxg5 28. Qxg5 hxg5 29. Bxe5 $15) 28. Rd3 (28. b3 $17 {is a better defense.}) 28... Bf4 $19 (28... Bxb2 29. f4 $14) 29. Ra3 (29. Qf5 {might work better.} Qxf5 30. exf5) 29... a5 30. Rg1 Kg7 31. Bxf4 (31. Kf1 $142) 31... Qxf4 (31... Nxf4+ 32. Kf1 $17) 32. Qxf4 Nxf4+ ({And not} 32... gxf4 33. Rb3 $11) 33. Kf3 Kg6 ({Less strong is} 33... Nxd5 34. Rxg5+ Kf6 35. Rxd5 $17) 34. Rb3 Rd6 ({Much less strong is} 34... Nxd5 35. exd5 Rd6 36. Rd1) 35. Bc4 Re8 36. a4 f6 37. Re3 Rd2 38. b3 $2 (38. e5 fxe5 39. b3) 38... Rh8 39. e5 Rh3+ 40. Rg3 Rh2 41. exf6 Rhxf2+ 42. Kg4 Rd4 {( -> ...Ng2+)} 43. Rgf3 Nh5+ {Precision: White = 36%, Black = 81%.} 0-1

[Event "11th Asrian Memorial 2018"]
[Site "Jermuk"]
[Date "2018.06.24"]
[Round "4"]
[White "Mikaelyan, Arman"]
[Black "Martirosyan, Haik M"]
[Result "1/2-1/2"]
[WhiteElo "2500"]
[BlackElo "2572"]
[Annotator "TA"]
[PlyCount "119"]
[EventDate "2018.06.21"]
[EventCountry "ARM"]
[SourceTitle "playchess.com"]
[Source "ChessBase"]
[SourceQuality "1"]

{[%evp 16,119,-4,-5,2,-9,-1,-12,0,-5,-8,-6,9,0,0,0,0,0,39,29,19,11,16,8,6,0,1,0,8,21,10,0,0,0,0,0,0,-14,5,-96,-60,-42,-45,-225,-223,-198,-165,-317,-270,-410,-420,-422,-211,-459,-458,-429,-400,-338,-40,-40,-40,-40,-40,-102,-101,-99,-101,-97,-118,-100,-50,-91,0,0,0,0,0,0,0,0,0,0,0,0,0,0,0,0,0,0,0,0,0,0,0,0,0,0,0,0,0,0,0,0,0,0]} 1. d4 Nf6 2. c4 e6 3. Nf3 d5 4. Nc3 Be7 5. Bf4 O-O 6. e3 b6 7. Rc1 Bb7 8. a3 {D37: Queen's Gambit Declined: 5 Bf4} (8. Bd3 dxc4 9. Bxc4 a6 10. O-O b5 11. Bd3 Nbd7 12. a4 b4 13. Nb1 c5 14. Nbd2 cxd4 15. Bc7 Qe8 16. exd4 {1-0 (57) Lalith,B (2575)-Melkumyan,H (2650) Abu Dhabi 2016}) 8... c5 9. dxc5 {LiveBook: 6 Games} bxc5 10. cxd5 Nxd5 11. Nxd5 exd5 12. Bd3 $146 ({Predecessor:} 12. Be2 Nc6 13. O-O Qb6 14. Qc2 {½-½ (34) Gormally,D (2496)-Farago,I (2447) Helensburgh 2013}) 12... Nd7 13. O-O Nf6 14. Nh4 g6 15. Bh6 Re8 16. Bb5 Nd7 17. Nf3 a6 18. Ba4 Rc8 19. b4 c4 $1 20. e4 Bf8 $1 {[%cal Rf8h6]} 21. Bxf8 Rxf8 22. Bxd7 Qxd7 23. e5 c3 24. Nd4 Rc4 25. Qd3 Rfc8 26. f4 Qe7 27. Rc2 {[#]} (27. Qe3 $11) 27... a5 $1 $17 {[%cal Ra5b4][%mdl 512]} 28. b5 $1 (28. bxa5 Qc5) 28... a4 29. Kh1 $2 (29. Qe3 $15) 29... Qxa3 $19 30. f5 {Threatening e6.} Qb4 $36 {[%mdl 2048] Black has strong initiative.} 31. fxg6 $2 (31. Ne2) 31... fxg6 (31... hxg6 32. Rxf7 $3 {[%mdl 512]} Kxf7 33. Rf2+ Ke7 34. Qxg6 $11) 32. Nc6 (32. Ne6 $142) 32... Bxc6 33. bxc6 Qc5 (33... d4 $142 34. Qf3 R4xc6 35. Qf7+ Kh8) 34. Rcf2 $2 (34. e6 Qxc6 35. e7) 34... c2 $1 {[%cal Rc2c1]} 35. Qf3 {[#] Threatening mate with Qf7+.} Rc7 $1 ({Inferior is} 35... c1=Q 36. Qf7+ Kh8 37. Qf6+ Kg8 38. Qf7+ Kh8 39. Qf6+ Kg8 40. Qf7+ $11) 36. Rc1 Rb4 $2 ({Weaker is} 36... Rxc6 37. Qf7+ Kh8 38. Rf3 $11) (36... h5 $19 {White must now prevent ...a3.} 37. Qf6 Kh7) 37. Qf6 $15 Qe7 ({Wrong is} 37... Rxc6 $2 38. Qf7+ Kh8 39. Rfxc2 $18) 38. Qxe7 Rxe7 39. Rfxc2 {[%mdl 4096] Endgame KRR-KRR} ({White should try} 39. g3 $15) 39... Rc7 $17 40. Rc5 {[#]} a3 $1 {[%cal Ra3a2] Threatens to win with ...a2.} 41. Ra5 {[#]} Rxc6 $1 {[%cal Rc6c1][%mdl 512]} 42. Ra1 (42. Rxc6 Rb1+) 42... Rb3 {Hoping for ...d4.} 43. h3 d4 (43... Rcb6 $17 44. R5xa3 Rxa3 45. Rxa3 Kf7 46. Ra7+ Ke6 47. Rxh7 d4) 44. R1xa3 $11 {The position is equal.} Rxa3 (44... Re3 {looks sharper.} 45. R3a4 d3 46. Rd5 Kf7 47. Ra3 Rc1+) 45. Rxa3 {KR-KR} Kf7 46. Ra4 $1 Rc1+ (46... d3 $5 47. Rd4 $8 Ke6 $11) 47. Kh2 Rd1 (47... d3 $5 48. Rd4 $8 Ke6 $11) 48. Ra6 d3 49. Rd6 g5 50. Kg3 h5 51. Kf2 d2 52. Rf6+ Ke7 53. Rd6 h4 54. Rd3 Ke6 55. Rd8 $1 Kxe5 56. Rd7 g4 57. hxg4 Kf4 58. Rd4+ Kg5 59. Rd5+ Kxg4 60. Rd4+ {Precision: White = 51%, Black = 66%.} 1/2-1/2

[Event "11th Asrian Memorial 2018"]
[Site "Jermuk"]
[Date "2018.06.25"]
[Round "5"]
[White "Sasikiran, Krishnan"]
[Black "Mikaelyan, Arman"]
[Result "1-0"]
[WhiteElo "2666"]
[BlackElo "2500"]
[Annotator "TA"]
[PlyCount "119"]
[EventDate "2018.06.21"]
[EventCountry "ARM"]
[SourceTitle "playchess.com"]
[Source "ChessBase"]
[SourceQuality "1"]

{[%evp 24,119,26,18,8,19,16,10,26,27,20,10,-4,-33,45,0,46,-17,11,12,13,12,13,33,65,53,59,64,69,62,117,114,162,160,156,162,165,138,331,329,324,350,318,276,337,333,456,451,442,336,310,245,243,243,360,352,524,557,572,563,560,513,564,527,546,546,518,512,458,433,1361,1321,1185,1126,784,720,2024,1985,1760,1532,5695,4610,29975,29976,29978,4702,29979,29980,29980,29981,29981,29981,29981,29980,29980,29979,29979,29982]} 1. e4 e5 2. Nf3 Nc6 3. Bb5 a6 4. Ba4 Nf6 5. O-O Be7 6. Re1 b5 7. Bb3 O-O 8. a4 b4 9. a5 d6 10. d3 Rb8 11. Nbd2 Be6 12. Bxe6 {C88: Spanische Partie (Geschlossenes System)} fxe6 13. c3 {LiveBook: 10 Partien} Rb5 14. d4 {Die Stellung ist ausgeglichen.} bxc3 15. bxc3 exd4 16. cxd4 Nb4 {[#]} 17. Nb1 $146 {[%cal Bd2b1,Bb1a3,Ba3c2,Bc2d4,Bd4c6][%mdl 32]} ({Vorgänger:} 17. Nf1 c5 18. dxc5 dxc5 {½-½ (37) Grischuk,A (2761)-Ding,L (2759) China 2017}) 17... c5 18. Na3 Rb8 ({Minderwertig wäre} 18... Qxa5 19. Ng5 $16) ({Lieber} 18... Rxa5 $15 19. Bd2 d5) 19. Bd2 Qd7 ({Doch nicht} 19... Qxa5 $6 20. Ng5 $16) 20. Bxb4 (20. Nc4 $14) 20... Rxb4 21. Nc2 Rb5 22. dxc5 Rxc5 23. Ncd4 Ne8 24. Rc1 Rxc1 25. Qxc1 Nc7 26. Qc4 Bf6 (26... d5 $14 27. exd5 exd5) 27. Rc1 $16 Rf7 {[#]} 28. Nc6 $1 Bb2 29. Rb1 Ba3 30. Nb8 $36 {[%mdl 2048] Weiss hat starke Initiative.} Qc8 $2 {[#]} (30... Qd8 $16 31. Nxa6 Nxa6) 31. Nxa6 $1 $18 {[%mdl 512]} d5 (31... Nxa6 32. Qxc8+) 32. Qc3 Qxa6 33. Qxa3 {Droht Matt per Tb8+.} Rf8 34. e5 Ra8 35. h4 {[%cal Bh2h4,Bh4h5][%mdl 32]} h6 36. Qc5 Qc4 37. Rc1 Qxc5 38. Rxc5 {[%mdl 4096] Endspiel KTS-KTS} Ra7 (38... Na6 {ist wohl besser.} 39. Rb5 Rc8) 39. Nd4 Rb7 (39... Kf7 $142 40. h5 Ke8) 40. h5 Kf7 41. Rc6 Ra7 42. g3 Ke8 43. Nxe6 Nxe6 44. Rxe6+ {KT-KT} Kf7 45. Rd6 Rxa5 46. Kg2 d4 (46... Ra2 $142 47. Rxd5 Ke6) 47. f4 Ra2+ 48. Kf3 Ra3+ 49. Kg4 d3 50. Kf5 d2 51. Rxd2 Rxg3 52. Rd7+ Kg8 53. Ke6 Ra3 54. Rd8+ Kh7 55. f5 {Weiß setzt Matt.} Rf3 56. Rf8 Ra3 57. Kd5 Ra5+ 58. Kd4 Ra4+ 59. Kc3 Ra5 60. e6 {Precision: Weiß = 69%, Schwarz = 34%.} 1-0

[Event "11th Asrian Memorial 2018"]
[Site "Jermuk"]
[Date "2018.06.25"]
[Round "5"]
[White "Sethuraman, S P"]
[Black "Stupak, Kirill"]
[Result "1/2-1/2"]
[WhiteElo "2657"]
[BlackElo "2564"]
[Annotator "TA"]
[PlyCount "79"]
[EventDate "2018.06.21"]
[EventCountry "ARM"]
[SourceTitle "playchess.com"]
[Source "ChessBase"]
[SourceQuality "1"]

{[%evp 28,79,36,29,39,39,30,40,35,35,33,33,37,33,33,33,33,29,47,29,34,23,35,14,38,9,17,4,14,10,15,0,0,0,-8,-25,0,-19,-13,-2,10,12,29,14,8,-15,-17,-6,-12,-9,-15,-20,-19,-23]} 1. e4 {McShane,L} e6 2. d4 d5 3. Nd2 c5 4. exd5 exd5 5. Ngf3 Nc6 6. Bb5 Bd6 7. O-O Nge7 8. dxc5 Bxc5 9. Nb3 Bb6 10. Re1 {[%cal Bf1e1,Be1e3,Be3f3,Bf3f5,Bf5g5,Bg5g3][%mdl 32]} O-O 11. Be3 Bxe3 12. Rxe3 Bg4 13. h3 {C09: French Tarrasch: 3...c5 4 exd5 exd5 5 Ngf3 Nc6} Bh5 14. Qd2 Bxf3 15. Rxf3 {LiveBook: 4 Games. White is slightly better.} Qb6 {[#]} 16. Bf1 $146 ({Predecessor:} 16. a4 Rad8 17. Re1 a6 18. Bd3 Ng6 19. Rfe3 Qc7 20. Bxg6 hxg6 {½-½ (50) McShane,L (2568)-Kortschnoj,V (2642) Reykjavik 2003 CBM 094 [McShane,L]}) 16... Rad8 17. Re1 Ng6 18. Rf5 Nge7 19. Rg5 Rd7 20. Bd3 Rfd8 21. Rg3 Ng6 22. Rge3 {And now Bf5 would win.} Nf8 23. a3 Rd6 24. h4 Re6 25. Rxe6 Nxe6 26. h5 h6 27. Qe2 Ne7 {[%cal Bc6e7,Be7g8,Bg8f6][%mdl 32]} 28. Qg4 Kf8 29. Re3 Ng8 30. Bf5 {[%cal Rf5e6]} Nf6 31. Qf3 Nd4 32. Qf4 Nxf5 33. Qxf5 Re8 34. Rxe8+ Kxe8 35. Qc8+ Ke7 {The position is equal.} 36. Nc5 Qc6 37. Qxb7+ Qxb7 38. Nxb7 Nxh5 39. f3 Nf4 40. Kf2 {Precision: White = 39%, Black = 82%.} 1/2-1/2

[Event "11th Asrian Memorial 2018"]
[Site "Jermuk"]
[Date "2018.06.25"]
[Round "5"]
[White "Pashikian, Arman"]
[Black "Kacharava, Nikolozi"]
[Result "1-0"]
[WhiteElo "2608"]
[BlackElo "2390"]
[Annotator "TA"]
[PlyCount "221"]
[EventDate "2018.06.21"]
[EventCountry "ARM"]
[SourceTitle "playchess.com"]
[Source "ChessBase"]
[SourceQuality "1"]

{[%evp 15,221,50,58,55,61,55,59,47,79,66,128,81,71,47,49,47,47,54,57,54,91,89,91,92,91,89,89,89,89,89,96,96,96,96,96,85,96,96,96,96,96,96,107,96,96,88,96,96,96,89,96,96,96,96,96,0,96,76,96,96,96,96,96,96,96,0,96,89,89,89,89,89,89,89,89,89,89,89,89,89,89,0,89,0,89,89,89,67,89,89,89,10,22,30,89,14,62,29,29,6,89,52,89,89,89,89,89,0,89,0,89,89,89,11,89,52,52,52,89,89,89,89,89,8,12,14,8,8,38,8,8,8,8,8,8,8,8,8,141,141,141,141,141,141,141,141,141,141,141,141,141,42,42,42,42,0,0,0,0,0,8,8,8,8,29959,29960,29956,29959,29953,29962,29959,29962,29955,29963,29962,29963,29964,29966,29966,29965,29964,29966,29965,29967,29967,29967,29967,29968,29968,29968,29978,29975,29974,29964,29963,29963,12829,12800,29983,29984,29984,29985,29985,29986,29986,29987,29987,29988]} 1. d4 d5 2. Nf3 e6 3. c4 c5 4. cxd5 exd5 5. Nc3 Nf6 6. Bg5 Be7 7. dxc5 O-O 8. e3 {D32: Tarrasch Defence: Sidelines and lines without g3} Be6 {LiveBook: 12 Games} 9. Rc1 Nbd7 10. b4 {White is slightly better.} a5 11. a3 {[%cal Ba2a3,Ba3b4][%mdl 32]} axb4 12. axb4 h6 (12... b6 $14) 13. Bxf6 Nxf6 {[#]} 14. Bb5 $146 ({Predecessor:} 14. Qd4 b6 15. c6 Qd6 {1-0 (35) Milov,V (2610)-Herzog,J (2290) Switzerland 1997}) 14... b6 $1 15. O-O bxc5 16. bxc5 Bxc5 17. Nxd5 Qxd5 18. Qxd5 Bxd5 19. Rxc5 Bxf3 20. gxf3 Rfc8 21. Rfc1 Rxc5 22. Rxc5 $16 {[%mdl 4096] Endgame KRB-KRN} Ra7 23. Rc8+ Kh7 24. Rc6 Ng8 25. f4 g6 26. Bd3 Kg7 27. Kg2 Ne7 28. Rd6 Nf5 29. Rd5 Ne7 30. Rd8 Nc6 31. Rd6 Ne7 32. e4 Ng8 33. Kf3 Ne7 34. Kg3 Ng8 35. Kf3 Ne7 $1 36. Kg4 Rc7 37. f3 Ra7 38. e5 Rc7 39. Be4 Ra7 40. Bd3 Rc7 $1 41. h4 h5+ 42. Kg3 Ra7 43. Be4 Ra2 44. Rf6 Rb2 45. Ra6 Rd2 46. Ra7 Kf8 47. Ra8+ Kg7 48. Ra7 Kf8 $1 49. Ra8+ Kg7 50. Re8 Rd7 51. Kf2 Ra7 52. Rd8 Ra2+ 53. Ke3 (53. Kg3 $1 $16) 53... Ra3+ 54. Rd3 Ra7 (54... Ra2 $1 $11) 55. Kd4 (55. Kf2 $16) 55... Rc7 56. Ra3 Rc1 $1 57. Rb3 Rc7 (57... Rh1 $11 {remains equal.}) 58. Rb6 Rc1 59. Rb7 Kf8 60. Rb8+ Kg7 61. Rb7 Kf8 $1 62. Rb8+ Kg7 63. Rb1 Rc7 64. Rg1 ({White should play} 64. Ke3 $16) 64... Kh6 (64... f5 $11) 65. Rg5 Rc1 66. Rg2 Rc7 67. Rg1 Kh7 68. Rg5 {Black must now prevent Rxh5+.} Kh6 69. f5 (69. Rg2 $16) 69... Rd7+ 70. Ke3 {aiming for f6.} gxf5 71. Bxf5 Ra7 (71... Rd1 {seems wilder.} 72. Bd3 Re1+ 73. Kf2 Rh1 74. f4 Rxh4 75. Kf3 Rh1) 72. Be4 {White wants to play Rg2.} (72. Bd3 {is interesting.} Ra4 73. Be4 Ra1 74. Rg2 Rh1 75. Rc2) 72... Ng6 73. Bxg6 fxg6 $11 {KR-KR} 74. Rg1 {Hoping for Rd1.} Ra3+ 75. Kf4 {Re1 is the strong threat.} Ra4+ 76. Kg3 {Threatening Re1.} Kg7 (76... g5 $11) 77. Rb1 Kf7 78. Rb6 Rc4 79. Rf6+ Kg7 80. Rf4 Rc1 81. Re4 Rh1 82. Kg2 Ra1 {[#]} 83. Kf2 (83. Re2 $1 $16) 83... Kf7 $14 84. Kg3 Rh1 $1 85. e6+ Ke7 86. Re5 Ra1 87. Kf4 Ra3 88. Kg5 Rxf3 89. Kxg6 Rg3+ $2 {[%mdl 8192]} (89... Rf8 $11) 90. Kxh5 Rg8 91. Kh6 Rh8+ 92. Kg5 Rg8+ 93. Kf5 Rh8 94. Re4 Rf8+ 95. Kg6 Rg8+ 96. Kh7 Rg1 97. h5 Rg5 {[#]} 98. Kh6 $1 Rg8 99. Re5 Kf6 100. Kh7 Rg7+ 101. Kh8 Re7 102. Re2 Kg5 103. Kg8 Kf6 104. Rg2 Re8+ 105. Kh7 Re7+ 106. Kh6 Ra7 {[#]} 107. e7 $1 {White mates.} Ra8 (107... Rxe7 108. Rf2+) 108. e8=Q Rxe8 109. Rf2+ Ke6 110. Re2+ Kf7 111. Rxe8 {Precision: White = 57%, Black = 60%.} 1-0

[Event "11th Asrian Memorial 2018"]
[Site "Jermuk"]
[Date "2018.06.25"]
[Round "5"]
[White "Andriasian, Zaven"]
[Black "Jumabayev, Rinat"]
[Result "1/2-1/2"]
[WhiteElo "2586"]
[BlackElo "2594"]
[Annotator "TA"]
[PlyCount "82"]
[EventDate "2018.06.21"]
[EventCountry "ARM"]
[SourceTitle "playchess.com"]
[Source "ChessBase"]
[SourceQuality "1"]

{[%evp 24,82,9,-2,0,-7,0,-18,-8,-42,-39,-27,-30,-39,-34,-79,-62,-109,-113,-129,-14,-12,-14,-25,-16,-165,-36,-28,0,0,0,0,0,0,0,-16,0,-21,0,0,0,0,0,0,0,0,0,0,0,0,0,0,0,0,0,0,0,0,0,0,0]} 1. e4 e6 2. d4 d5 3. Nc3 Nf6 4. e5 Nfd7 5. f4 c5 6. Nf3 Nc6 7. Be3 a6 8. Qd2 b5 {[%cal Bb7b5,Bb5b4][%mdl 32]} 9. Be2 b4 10. Nd1 {C11: French: Classical System: 4 e5 and 4 Bg5 dxe4} a5 11. O-O Be7 12. c3 O-O 13. Nf2 {LiveBook: 4 Games} (13. Bf2 a4 14. cxb4 Nxb4 15. Ne3 Qa5 16. Rfc1 Nc6 17. Qxa5 Rxa5 18. dxc5 Nxc5 {1-0 (46) Vachier Lagrave,M (2811)-Korobov,A (2687) Bastia 2016}) 13... bxc3 14. bxc3 {[#]} a4 $146 ({Predecessor:} 14... Ba6 15. Rfc1 cxd4 16. cxd4 Qc8 17. Bxa6 Qxa6 {½-½ (76) Molner,M (2447)-Akobian,V (2613) Los Angeles 2011}) 15. dxc5 Nxc5 16. Nd4 Na5 17. Qc2 Qd7 18. Rad1 Ba6 19. Bxa6 Rxa6 20. f5 Nc4 $1 {[%csl LRe3,LRe5]} 21. Bf4 f6 (21... Rb6 $17 22. Ng4 Rb2) 22. Ng4 $11 Rb6 {White must now prevent ...exf5.} 23. Rde1 a3 24. Rf3 (24. exf6 $11 {and White has nothing to worry.} Bxf6 25. Nxf6+ Rxf6 26. Bg5) 24... exf5 (24... Rb2 $19 25. fxe6 Qe8) 25. Nxf5 $15 fxe5 26. Bxe5 {The position is equal.} Ne4 27. Nxe7+ Qxe7 28. Rxf8+ Qxf8 29. Qd3 Qf7 30. Bd4 Rg6 31. Rf1 Qe6 32. Qf3 {[%csl Gf1][%cal Rf3f8] [#]} h5 33. Nh6+ Kh7 {aiming for ...Ned2.} 34. Nf5 Rg5 35. Nxg7 Rxg7 36. Qxh5+ Kg8 {Threatening ...Rh7.} 37. Bxg7 Kxg7 38. Rb1 Nb2 {[#] ( -> ...Qb6+)} 39. h3 Qb6+ 40. Kh2 Qd6+ 41. Kg1 Qb6+ {Precision: White = 44%, Black = 46%.} 1/2-1/2